| 000 | 00659nam a2200253Ia 4500 | ||
|---|---|---|---|
| 005 | 20251020182459.0 | ||
| 008 | 200515s9999 xx 000 0 und d | ||
| 020 | _a978-958-696-628-3 | ||
| 082 | _a624.9/V19 | ||
| 100 | _aValencia Escobar, Andrés Hernando | ||
| 245 | 0 | _aLa estructura : Un elemento técnico para el diseño | |
| 250 | _a1a ed. | ||
| 260 | _aMedellín | ||
| 260 | _bUniversidad Pontificia Bolivariana | ||
| 260 | _c2007 | ||
| 300 | _a369 p. | ||
| 300 | _bil., tbl., graf. | ||
| 500 | _a1 ejemplar | ||
| 650 | _aCARGAS EXTERNAS | ||
| 650 | _aESTRUCTURAS | ||
| 650 | _aESTRUCTURAS METALICAS | ||
| 942 | _cLIB | ||
| 999 |
_c1109 _d1109 |
||